Statistics for 2019 Pacific Games - Participating Nations and Territories

Click here to take the quiz!

General Stats

  • This quiz has been taken 21 times
  • The average score is 20 of 24

Answer Stats

Answer% Correct
Federated States of Micronesia
100%
New Zealand
100%
Palau
100%
Solomon Islands
100%
Tonga
100%
Vanuatu
100%
American Samoa
95%
Australia
95%
Fiji
95%
Marshall Islands
95%
Papua New Guinea
95%
Samoa
95%
Tuvalu
95%
Kiribati
90%
Nauru
90%
Guam
80%
Niue
75%
Cook Islands
70%
New Caledonia
70%
Tahiti
65%
Tokelau
55%
Norfolk Island
50%
Northern Mariana Islands
40%
Wallis and Futuna
35%

Score Distribution

Percentile by Number Answered

Percent of People with Each Score

Your Score History

You have not taken this quiz